| 000 | 00873nam a22002177a 4500 | ||
|---|---|---|---|
| 005 | 20220420111344.0 | ||
| 008 | 220310b ||||| |||| 00| 0 eng d | ||
| 020 | _a9780070647749 | ||
| 040 | _cAL | ||
| 041 | _aeng | ||
| 082 |
_223 _a541.3 _bBARP |
||
| 100 |
_aGordon M Barrow _923307 |
||
| 245 | _aPhysical chemistry | ||
| 250 | _a5th ed. | ||
| 260 |
_aNew Delhi _bMcGraw Hill Education _c2009 |
||
| 300 |
_axvi,859p. _bPB _c23.7x18.2cm. |
||
| 365 |
_2General _aVBI-1345 _b₹1121.25 _c₹ _d₹1495.00 _e25% _f21-02-2022 |
||
| 520 | _aThe book is designed for an undergraduate course on Physical Chemistry taken by all undergraduate students of chemistry. The objective of the book is to help the students deal with various concepts of physical chemistry without an obscuring mathematical screen. | ||
| 650 |
_2Chemistry _aPhysical chemistry _923308 |
||
| 942 |
_2ddc _cBK |
||
| 999 |
_c221809 _d221809 |
||